[Event "MVP-ch Seniors op 16th"]
[Site "Binz"]
[Date "2016.11.28"]
[Round "6.67"]
[White "Hof, Hasso"]
[Black "Berger, Volkmar"]
[Result "1-0"]
[WhiteElo "1799"]
[BlackElo "1669"]
[PlyCount "25"]
[EventDate "2016.11.23"]
[EventType "swiss"]
[EventRounds "9"]
[EventCountry "GER"]
[SourceTitle "EXT 2018"]
[Source "ChessBase"]
[SourceDate "2017.10.13"]
[SourceVersion "1"]
[SourceVersionDate "2017.10.13"]
[SourceQuality "1"]

1. e4 c5 2. Nf3 a6 3. c3 d6 4. d4 cxd4 5. Nxd4 Nf6 6. Bd3 g6 7. Nd2 Bg7 8. 0-0 0-0 9. h3 Nbd7 10. N2f3 Nc5 11. e5 Nxd3 12. exf6 Nxc1 13. fxg7 1-0

[Event "MVP-ch Seniors op 16th"]
[Site "Binz"]
[Date "2016.11.26"]
[Round "4.44"]
[White "Bussler, Juergen"]
[Black "Hof, Hasso"]
[Result "1-0"]
[WhiteElo "1940"]
[BlackElo "1799"]
[PlyCount "96"]
[EventDate "2016.11.23"]
[EventType "swiss"]
[EventRounds "9"]
[EventCountry "GER"]
[SourceTitle "EXT 2018"]
[Source "ChessBase"]
[SourceDate "2017.10.13"]
[SourceVersion "1"]
[SourceVersionDate "2017.10.13"]
[SourceQuality "1"]

1. Nf3 e6 2. g3 d5 3. d4 c5 4. dxc5 Bxc5 5. Bg2 Nc6 6. 0-0 Nf6 7. a3 0-0 8. Nbd2 Re8 9. c4 dxc4 10. Nxc4 Qc7 11. b4 Be7 12. Qc2 Bd8 13. Bb2 b5 14. Ne3 Bb7 15. Rac1 Rc8 16. Ne5 Nxe5 17. Bxb7 Qxc2 18. Rxc2 Rxc2 19. Nxc2 Nc4 20. Bd4 Re7 21. Ba6 Rc7 22. Bc5 Nd7 23. Rd1 Bf6 24. Bxb5 Nxc5 25. Bxc4 Ne4 26. Ne3 Nc3 27. Rd2 Nb1 28. Ra2 Nc3 29. Rc2 g6 30. Bd3 Kf8 31. Nd1 Ke8 32. Kf1 Kd8 33. Ke1 Nxd1 34. Rxc7 Kxc7 35. Kxd1 Bc3 36. f3 f6 37. h4 f5 38. g4 Bf6 39. h5 gxh5 40. gxh5 h6 41. Kd2 f4 42. Be4 Bd4 43. Kd3 Bb2 44. a4 Bf6 45. Bg6 Kc6 46. Ke4 e5 47. Be8+ Kd6 48. Kf5 Bh4 1-0

[Event "MVP-ch Seniors op 16th"]
[Site "Binz"]
[Date "2016.11.25"]
[Round "3.67"]
[White "Hof, Hasso"]
[Black "Wilfert, Eva Maria"]
[Result "1-0"]
[WhiteElo "1799"]
[BlackElo "1653"]
[PlyCount "97"]
[EventDate "2016.11.23"]
[EventType "swiss"]
[EventRounds "9"]
[EventCountry "GER"]
[SourceTitle "EXT 2018"]
[Source "ChessBase"]
[SourceDate "2017.10.13"]
[SourceVersion "1"]
[SourceVersionDate "2017.10.13"]
[SourceQuality "1"]

1. e4 c5 2. Nf3 Nc6 3. Bb5 Qb6 4. Nc3 a6 5. Nd5 Qd8 6. Bxc6 dxc6 7. Ne3 g6 8. d3 Bg7 9. Rb1 b5 10. 0-0 e5 11. Qd2 Qe7 12. Qc3 b4 13. Qe1 Be6 14. b3 Nh6 15. h3 0-0 16. Nd1 f6 17. Nh2 Qd7 18. Be3 Qe7 19. f3 f5 20. Qf2 Rf7 21. Bxc5 Qb7 22. Be3 f4 23. Bd2 a5 24. Nb2 Qe7 25. Na4 Bf8 26. Rfd1 Qa7 27. Qxa7 Raxa7 28. Be1 Rae7 29. Bf2 Re8 30. d4 exd4 31. Bxd4 Ra8 32. Bc5 Bxc5+ 33. Nxc5 Re7 34. Rd6 Kf7 35. Rbd1 Ng8 36. Nxe6 Rxe6 37. Ng4 Rxd6 38. Rxd6 c5 39. Ne5+ Ke7 40. Rc6 a4 41. Rxc5 Kd6 42. Rd5+ Ke6 43. Nd3 axb3 44. axb3 Ra1+ 45. Kf2 Ne7 46. Nxf4+ Kf6 47. Rc5 Ra2 48. Nd3 Ke6 49. Nxb4 1-0

[Event "MVP-ch Seniors op 16th"]
[Site "Binz"]
[Date "2016.11.23"]
[Round "1.26"]
[White "Hof, Hasso"]
[Black "Nordby, Berndt"]
[Result "1/2-1/2"]
[WhiteElo "1799"]
[BlackElo "2031"]
[PlyCount "39"]
[EventDate "2016.11.23"]
[EventType "swiss"]
[EventRounds "9"]
[EventCountry "GER"]
[SourceTitle "EXT 2018"]
[Source "ChessBase"]
[SourceDate "2017.10.13"]
[SourceVersion "1"]
[SourceVersionDate "2017.10.13"]
[SourceQuality "1"]

1. e4 e6 2. d4 d5 3. exd5 exd5 4. Bd3 Nc6 5. Nf3 Bg4 6. c3 Bd6 7. Nbd2 Nge7 8. Nf1 Qd7 9. Ne3 Bh5 10. Qe2 Bg6 11. Bxg6 hxg6 12. Nxd5 0-0-0 13. Nxe7+ Nxe7 14. Be3 f6 15. 0-0-0 g5 16. h3 Rde8 17. Qd3 Nd5 18. Kb1 Bf4 19. Rde1 g4 20. Ng1 1/2-1/2

[Event "MVP-ch Seniors op 15th"]
[Site "Binz"]
[Date "2015.11.30"]
[Round "7.54"]
[White "Thieme, Hans"]
[Black "Hof, Hasso"]
[Result "1-0"]
[WhiteElo "1991"]
[BlackElo "1648"]
[PlyCount "43"]
[EventDate "2015.11.24"]
[EventType "swiss"]
[EventRounds "9"]
[EventCountry "GER"]
[SourceTitle "EXT 2017"]
[Source "ChessBase"]
[SourceDate "2016.10.25"]
[SourceVersion "1"]
[SourceVersionDate "2016.10.25"]
[SourceQuality "1"]

1. e4 e6 2. d4 d5 3. Nc3 dxe4 4. Nxe4 Bd7 5. Nf3 Bc6 6. Ned2 Nd7 7. Bd3 Ngf6 8. 0-0 Be7 9. Re1 0-0 10. Nc4 Bxf3 11. Qxf3 c6 12. c3 Nd5 13. Ne5 N7f6 14. a3 Ne8 15. Bd2 Ndf6 16. Rad1 Qd5 17. Qh3 h6 18. Bxh6 gxh6 19. Qxh6 Ng7 20. Re3 Nf5 21. Bxf5 exf5 22. Rh3 1-0

[Event "MVP-ch Seniors op 15th"]
[Site "Binz"]
[Date "2015.11.25"]
[Round "2.71"]
[White "Hof, Hasso"]
[Black "Schumacher, Ursula"]
[Result "1-0"]
[WhiteElo "1648"]
[BlackElo "1321"]
[PlyCount "67"]
[EventDate "2015.11.24"]
[EventType "swiss"]
[EventRounds "9"]
[EventCountry "GER"]
[SourceTitle "EXT 2017"]
[Source "ChessBase"]
[SourceDate "2016.10.25"]
[SourceVersion "1"]
[SourceVersionDate "2016.10.25"]
[SourceQuality "1"]

1. e4 c6 2. d4 d5 3. Nc3 dxe4 4. Nxe4 Bf5 5. Ng3 Nf6 6. Nxf5 Qa5+ 7. c3 Qxf5 8. Nf3 h6 9. Bd3 Qc8 10. 0-0 Nbd7 11. Re1 e6 12. Nh4 Be7 13. f4 0-0 14. f5 Nd5 15. Nf3 N7f6 16. fxe6 fxe6 17. Qe2 Bd6 18. Qxe6+ Qxe6 19. Rxe6 Nf4 20. Bc4 Kh8 21. Nh4 Rfe8 22. Ng6+ Kh7 23. Nxf4 Bxf4 24. Bxf4 Rxe6 25. Bxe6 Re8 26. Re1 Kh8 27. Bd2 g5 28. c4 Rd8 29. Be3 Kg7 30. d5 cxd5 31. cxd5 Kg6 32. Rf1 Nxd5 33. Bf7+ Kh7 34. Rd1 1-0

[Event "Rheinland Pfalz op Seniors 13th"]
[Site "Neustadt an der Weinstrasse"]
[Date "2015.07.13"]
[Round "4"]
[White "Schowalter, Gerd"]
[Black "Hof, Hasso"]
[Result "0-1"]
[WhiteElo "1954"]
[BlackElo "1831"]
[PlyCount "76"]
[EventDate "2015.07.10"]
[EventType "swiss"]
[EventRounds "7"]
[EventCountry "GER"]
[SourceTitle "EXT 2019"]
[Source "ChessBase"]
[SourceDate "2018.10.10"]
[SourceVersion "1"]
[SourceVersionDate "2018.10.10"]
[SourceQuality "1"]

1. e4 e6 2. d4 d5 3. Nc3 Nf6 4. e5 Nfd7 5. f4 c5 6. Nf3 Nc6 7. Be2 cxd4 8. Nxd4 Ndxe5 9. fxe5 Qh4+ 10. g3 Qxd4 11. Nb5 Qb6 12. Bf4 Bd7 13. Qd2 a6 14. Be3 Qd8 15. Nd6+ Bxd6 16. exd6 f6 17. Bh5+ g6 18. Bh6 gxh5 19. Qe2 Bc8 20. Qxh5+ Kd7 21. 0-0-0 Qe8 22. Qf3 Qg6 23. Be3 Nb4 24. Qf2 a5 25. Bb6 Ra6 26. Qc5 Nc6 27. Rhe1 d4 28. Kb1 Qg5 29. Qxg5 fxg5 30. Bxd4 Nxd4 31. Rxd4 Rxd6 32. Rde4 b6 33. b3 Rf8 34. h4 Rf5 35. g4 Rfd5 36. Kb2 h6 37. hxg5 Rxg5 38. Rh1 Bb7 0-1

[Event "Staufer op-B 27th"]
[Site "Schwaebisch Gmuend"]
[Date "2015.01.02"]
[Round "2"]
[White "Hof, Hasso"]
[Black "Stork, Oliver"]
[Result "0-1"]
[WhiteElo "1856"]
[BlackElo "1745"]
[PlyCount "62"]
[EventDate "2015.01.02"]
[EventType "swiss"]
[EventRounds "9"]
[EventCountry "GER"]
[SourceTitle "EXT 2016"]
[Source "ChessBase"]
[SourceDate "2015.10.08"]
[SourceVersion "1"]
[SourceVersionDate "2015.10.08"]
[SourceQuality "1"]

1. e4 e5 2. Nf3 Nc6 3. Bb5 Nf6 4. 0-0 Nxe4 5. Re1 Nd6 6. Nxe5 Be7 7. Ba4 Nxe5 8. Rxe5 0-0 9. d4 b6 10. c3 Bf6 11. Re1 Ba6 12. Bc2 Re8 13. Nd2 Rxe1+ 14. Qxe1 Qe8 15. Ne4 Nxe4 16. Qxe4 Qxe4 17. Bxe4 Re8 18. f3 c6 19. Bd2 d5 20. Bc2 Re2 21. Re1 Rxe1+ 22. Bxe1 Bg5 23. Kf2 Bc1 24. b3 g6 25. a4 f5 26. b4 Bc4 27. Bd1 a5 28. bxa5 bxa5 29. Be2 Bb3 30. c4 dxc4 31. Bxa5 Bb2 0-1

[Event "MVP-ch Seniors op 14th"]
[Site "Binz"]
[Date "2014.12.01"]
[Round "7"]
[White "Jacob, Barbara"]
[Black "Hof, Hasso"]
[Result "1/2-1/2"]
[WhiteElo "1576"]
[BlackElo "1717"]
[PlyCount "34"]
[EventDate "2014.11.25"]
[EventType "swiss"]
[EventRounds "9"]
[EventCountry "GER"]
[SourceTitle "EXT 2016"]
[Source "ChessBase"]
[SourceDate "2015.10.08"]
[SourceVersion "1"]
[SourceVersionDate "2015.10.08"]
[SourceQuality "1"]

1. e4 e6 2. Nf3 d5 3. Nc3 Nf6 4. e5 Nfd7 5. d4 c5 6. dxc5 Bxc5 7. Bd3 Nc6 8. Bf4 Qb6 9. 0-0 Qxb2 10. Nb5 0-0 11. Bxh7+ Kxh7 12. Ng5+ Kg6 13. Qd3+ f5 14. Nxe6 Ndxe5 15. Qg3+ Ng4 16. Nxf8+ Bxf8 17. Nd6 Bxd6 1/2-1/2

[Event "MVP-ch Seniors op 14th"]
[Site "Binz"]
[Date "2014.11.26"]
[Round "2"]
[White "Hof, Hasso"]
[Black "Buck, Klaus Michael"]
[Result "1-0"]
[WhiteElo "1717"]
[BlackElo "1485"]
[PlyCount "91"]
[EventDate "2014.11.25"]
[EventType "swiss"]
[EventRounds "9"]
[EventCountry "GER"]
[SourceTitle "EXT 2016"]
[Source "ChessBase"]
[SourceDate "2015.10.08"]
[SourceVersion "1"]
[SourceVersionDate "2015.10.08"]
[SourceQuality "1"]

1. e4 e6 2. Qe2 Be7 3. Nf3 c6 4. d3 h6 5. h4 d5 6. Nbd2 dxe4 7. dxe4 b6 8. c4 Qc7 9. g3 e5 10. Bg2 Nf6 11. Nh2 h5 12. 0-0 Be6 13. b3 Nbd7 14. Bb2 Bc5 15. a3 a5 16. Bf3 g6 17. Bc3 Bd4 18. Rac1 c5 19. Bxd4 exd4 20. e5 Qxe5 21. Qxe5 Nxe5 22. Bxa8 0-0 23. Be4 Nfd7 24. f4 Ng4 25. Nxg4 Bxg4 26. Kf2 Nf6 27. Rfe1 Bh3 28. Bf3 Be6 29. Ne4 Nd7 30. a4 Kg7 31. Be2 Nb8 32. Bd3 Nc6 33. Ng5 Nb4 34. Nxe6+ fxe6 35. Rcd1 Kf6 36. Ke2 Na2 37. Rd2 Nb4 38. Kf3 Re8 39. Re5 Nc6 40. Rg5 Rg8 41. g4 hxg4+ 42. Kxg4 e5 43. fxe5+ Nxe5+ 44. Kg3 Rh8 45. Rf2+ Ke6 46. Re2 1-0

[Event "MVP-ch Seniors op 12th"]
[Site "Binz"]
[Date "2012.12.03"]
[Round "6"]
[White "Hof, Hasso"]
[Black "Goertz, Hans Georg"]
[Result "1/2-1/2"]
[WhiteElo "1744"]
[BlackElo "1838"]
[PlyCount "33"]
[EventDate "2012.11.28"]
[EventType "swiss"]
[EventRounds "9"]
[EventCountry "GER"]
[SourceTitle "EXT 2014"]
[Source "ChessBase"]
[SourceDate "2013.11.20"]
[SourceVersion "1"]
[SourceVersionDate "2013.11.20"]
[SourceQuality "1"]

1. e4 c5 2. Nf3 d6 3. c3 g6 4. Bc4 e6 5. d4 cxd4 6. Qxd4 Nf6 7. e5 dxe5 8. Qxd8+ Kxd8 9. Nxe5 Ke8 10. Be3 Nbd7 11. Bd4 Nxe5 12. Bxe5 Bg7 13. Na3 Nh5 14. Bc7 Bf8 15. Nb5 Bd7 16. 0-0-0 a6 17. Nd6+ 1/2-1/2

[Event "MVP-ch Seniors op 12th"]
[Site "Binz"]
[Date "2012.12.01"]
[Round "4"]
[White "Hof, Hasso"]
[Black "Aigner, Georg"]
[Result "1-0"]
[WhiteElo "1744"]
[BlackElo "1814"]
[PlyCount "95"]
[EventDate "2012.11.28"]
[EventType "swiss"]
[EventRounds "9"]
[EventCountry "GER"]
[SourceTitle "EXT 2014"]
[Source "ChessBase"]
[SourceDate "2013.11.20"]
[SourceVersion "1"]
[SourceVersionDate "2013.11.20"]
[SourceQuality "1"]

1. e4 e5 2. Nf3 Nc6 3. Bb5 a6 4. Ba4 Nf6 5. 0-0 d6 6. d4 b5 7. dxe5 Ng4 8. Qd5 Bb7 9. Bb3 Qd7 10. e6 Qxe6 11. Qxe6+ fxe6 12. Bxe6 Nge5 13. Nxe5 dxe5 14. Bd5 0-0-0 15. Bg5 Be7 16. Bxe7 Nxe7 17. Bxb7+ Kxb7 18. Na3 Rd2 19. Rfd1 Rhd8 20. Rxd2 Rxd2 21. Rc1 Nc6 22. Nb1 Rd4 23. f3 Na5 24. b3 c5 25. Kf2 Nc6 26. c3 Rd6 27. Ke3 a5 28. Na3 Kb6 29. g3 Ne7 30. Rc2 Kc6 31. Rd2 h6 32. h4 Rg6 33. Kf2 Rf6 34. Nc2 Nc8 35. Ne3 Nd6 36. Ke2 Re6 37. Rd5 h5 38. g4 g6 39. Rd1 c4 40. gxh5 gxh5 41. Rg1 cxb3 42. axb3 Nf7 43. Rg2 Re7 44. Rg6+ Kb7 45. Nd5 Re8 46. Rb6+ Kc8 47. Rxb5 Rg8 48. Ne7+ 1-0

[Event "MVP-ch Seniors op 12th"]
[Site "Binz"]
[Date "2012.11.30"]
[Round "3"]
[White "Maczollek, Helmut"]
[Black "Hof, Hasso"]
[Result "0-1"]
[WhiteElo "1375"]
[BlackElo "1744"]
[PlyCount "56"]
[EventDate "2012.11.28"]
[EventType "swiss"]
[EventRounds "9"]
[EventCountry "GER"]
[SourceTitle "EXT 2014"]
[Source "ChessBase"]
[SourceDate "2013.11.20"]
[SourceVersion "1"]
[SourceVersionDate "2013.11.20"]
[SourceQuality "1"]

1. d4 f5 2. e3 Nf6 3. Nf3 d6 4. Be2 g6 5. 0-0 Bg7 6. b3 0-0 7. Bb2 Nh5 8. Nbd2 c6 9. Rb1 Nd7 10. Ng5 Ndf6 11. c4 h6 12. Ngf3 Kh7 13. Ne1 Qe8 14. f4 g5 15. fxg5 hxg5 16. Bd3 Qg6 17. Qe2 g4 18. e4 e6 19. Qf2 fxe4 20. Nxe4 Nxe4 21. Qe2 Rxf1+ 22. Qxf1 d5 23. Nc2 Bd7 24. Ne3 Rf8 25. Qe2 Nf4 26. Qxg4 Nxd3 27. Ba3 Qxg4 28. Nxg4 Bxd4+ 0-1

[Event "MVP-ch Seniors op 12th"]
[Site "Binz"]
[Date "2012.11.29"]
[Round "2"]
[White "Hof, Hasso"]
[Black "Mueller, Dieter5555"]
[Result "1-0"]
[WhiteElo "1744"]
[BlackElo "1467"]
[PlyCount "27"]
[EventDate "2012.11.28"]
[EventType "swiss"]
[EventRounds "9"]
[EventCountry "GER"]
[SourceTitle "EXT 2014"]
[Source "ChessBase"]
[SourceDate "2013.11.20"]
[SourceVersion "1"]
[SourceVersionDate "2013.11.20"]
[SourceQuality "1"]

1. e4 d6 2. d4 Nf6 3. Nc3 g6 4. Bf4 Bg7 5. Qd2 c5 6. dxc5 dxc5 7. Qxd8+ Kxd8 8. 0-0-0+ Nfd7 9. Nd5 e5 10. Bg5+ f6 11. Bxf6+ Nxf6 12. Nxf6+ Ke7 13. Nd5+ Kd6 14. Nb6+ 1-0

[Event "MVP-ch Seniors op 12th"]
[Site "Binz"]
[Date "2012.11.28"]
[Round "1"]
[White "Ljubarskij, Jurij"]
[Black "Hof, Hasso"]
[Result "1-0"]
[WhiteElo "2174"]
[BlackElo "1744"]
[PlyCount "65"]
[EventDate "2012.11.28"]
[EventType "swiss"]
[EventRounds "9"]
[EventCountry "GER"]
[SourceTitle "EXT 2014"]
[Source "ChessBase"]
[SourceDate "2013.11.20"]
[SourceVersion "1"]
[SourceVersionDate "2013.11.20"]
[SourceQuality "1"]

1. e4 e6 2. d4 d5 3. Nc3 dxe4 4. Nxe4 Bd7 5. Nf3 Bc6 6. Bd3 Nd7 7. 0-0 Ngf6 8. Qe2 Nxe4 9. Bxe4 Bxe4 10. Qxe4 c6 11. c4 Nf6 12. Qe2 Be7 13. Bf4 Nh5 14. Be3 Bd6 15. Ne5 Nf6 16. Rfd1 Qe7 17. Bg5 0-0-0 18. c5 Bc7 19. b4 h6 20. Bxf6 gxf6 21. Nf3 Qd7 22. a4 a6 23. Rab1 Qd5 24. b5 axb5 25. axb5 Kd7 26. bxc6+ bxc6 27. Ne5+ Ke7 28. Rb7 fxe5 29. Rxc7+ Ke8 30. Qh5 Rh7 31. Qh4 Qxc5 32. Qg4 Kf8 33. dxc5 1-0

[Event "Staufer op 20th"]
[Site "Schwaebisch Gmuend"]
[Date "2008.01.04"]
[Round "5"]
[White "Schaaf, Rene"]
[Black "Hof, Hasso"]
[Result "1-0"]
[WhiteElo "2190"]
[BlackElo "1858"]
[PlyCount "25"]
[EventDate "2008.01.02"]
[EventType "swiss"]
[EventRounds "9"]
[EventCountry "GER"]
[SourceTitle "CBM 122 Extra"]
[Source "ChessBase"]
[SourceDate "2008.03.04"]
[SourceVersion "1"]
[SourceVersionDate "2008.03.04"]
[SourceQuality "1"]

1. d4 f5 2. g3 Nf6 3. Bg2 g6 4. c4 Bg7 5. Nc3 d6 6. Nh3 Na6 7. d5 Nc5 8. Nf4 Rb8 9. h4 e5 10. dxe6 Nxe6 11. Qa4+ c6 12. Qxa7 Nxf4 13. Bxf4 1-0